000 00692nam a22002177a 4500
999 _c2485
_d2485
001 2485
003 BD-JhCC
005 20171102201840.0
008 171102s1987 bg ||||| |||| 00| 0 ben d
035 _a(BD-JhCC)2485
040 _aBD-JhCC
_dBD-JhCC
041 _aben
082 _a891.4409
_bHAK 1987
100 _aহাকিম, শেখ আবদুল
245 _aনজরুল সাহিত্যে মানবতা ও ধর্ম /
_cশেখ আবদুল হাকিম
260 _aঢাকা :
_bইসলামিক ফাউন্ডেশন,
_c1987.
300 _a83 p. :
_c21 cm.
650 _aBengali Literature
942 _2ddc
_cBK